000 00328nam a2200133Ia 4500
005 20260326235440.0
008 260326s9999||||xx |||||||||||||| ||und||
100 _aJacobs, Jane
245 0 _aMuerte y Vida de las Grandes Ciudades /
_cJane Jacobs
260 _bPenĂ­nsula
300 _a468 p.
650 _aURBANISMO
942 _cBK
999 _c7363
_d7363